000 01148cab a22002055a 4500
001 L154402
008 111125e20111118xxk 000 0 eng d
035 _a(Sirsi) u154402
041 0 _aeng
100 1 _aHatcher, David
245 0 0 _aMarkets
_bEast Midlands
260 _c2011
490 0 _aProperty Week
_v77(46) 18 November 2011, 49-58(5)
520 _aCapital Shopping Centres inherits huge Marks & Spencer and Harvey Nichols prelets when it buys a 75% stake in Westfield Broadmarsh in Nottingham. Examines progress in five development areas in Derby. Innes England reports that only 25 939 sq ft of new office space remains in Derby. Food retailer Greggs aims to acquire at least 20 new stores across the East Midlands next year. IM Properties is to create nearly 2m sq ft of industrial space at Eastwood. Helical Bar outlines plans for its £70m purchase of Corby town centre and the Willow Place shopping centre.
590 _aKA
651 4 _aEast Midlands
690 _aPROPERTY-COMMERCIAL PROPERTY-COMMERCIAL PROPERTY MARKET
690 _aPROPERTY-COMMERCIAL PROPERTY-COMMERCIAL PROPERTY FINANCE AND INVESTMENT
942 _n0
999 _c83601
_d83601